| 000 | 00624cam a2200205 i 4500 | ||
|---|---|---|---|
| 020 | _a0809434512 (lib. bdg.) | ||
| 020 | _a0809434520 | ||
| 082 | 0 | 0 |
_a643/.7 _bWAL _cL-37, P-88 |
| 110 | 2 |
_aTime-Life Books. _97930 |
|
| 245 | 1 | 0 |
_aWalls and ceilings / _cby the editors of Time-Life Books. |
| 260 |
_aAlexandria, Va. : _bTime-Life Books, _cc1980. |
||
| 300 |
_a136 p. : _bill. ; _c26 cm. |
||
| 500 | _aIncludes index. | ||
| 526 |
_a0 _b0 _c0 _d643_700000000000000_WAL |
||
| 650 | 0 |
_aCeilings. _944518 |
|
| 650 | 0 |
_aDwellings _xRemodeling. _944519 |
|
| 650 | 0 |
_aInterior walls. _944520 |
|
| 650 | 0 |
_aMCE _9379 |
|
| 942 |
_2ddc _cBK |
||
| 999 |
_c548285 _d548285 |
||